000 00657nam a2200229 a 4500
001 BRCA_7350
005 20190320205814.0
008 210213s1944----nyua######---#000-0#eng-#
041 _aeng
044 _anyu
050 4 _aNK2405
_b.R63 1944
100 1 _aRobsjohn-Gibbings, T. H.
_918170
245 1 0 _aGood-bye Mr. Chippendale
_cT. H. Robsjohn-Gibbings ; ill. by Mary Petty.
260 _aNueva York
_bA. A. Knopf
_c1944
300 _a106 p.
_bil.
500 _aQ9
650 1 4 _aMuebles
_zEstados Unidos
_914276
650 1 4 _aDecoración y ornamentación
_zEstados Unidos
_92728
700 1 _aPetty, Mary
_eil.
_918171
902 _aGFM
942 _2lcc
_cB
999 _c7026
_d7026